000 00782nam a2200241Ia 4500
003 OSt
005 20220201173616.0
008 210716s2002 xx 000 0 und d
020 _a0538846712
040 _cAIMIT LIBRARY
041 _aeng
082 _a657.48
_21
_bANTR
100 _aAntle, RIck.
_915666
245 _aFinancial accounting /
_cBy Rick Antle and Stanley J. Garstka
250 _a1st ed.
260 _aUnited States of America :
_bThomson south western ,
_c2002.
300 _axvii,348, G-8,A-17,I-8p. ;
_c26 cm.
650 _aFundamentals of Accounting
_915667
650 _aValuation Basics and Accounting Measures
_915668
650 _aTopics in Financial Reporting
_915669
700 _aGarstka , J. Stanley.
_915670
942 _2ddc
_cBK
_e1st
_k657.48 ANTR
999 _c201197
_d201197